00512nam a2200193Ia 4500008004100000041001200041082001200053100004100065245003800106260003500144300000800179365000700187520001200194546001200206630003800218650001200256655001200268730003800280101110s9999 xx 000 0 und d aENGLISH bSR30489 aBangui P.S., Phatak V.V., and others aA new course in physics-III SYBSc c2007bSheth Publishers, Mumbai a215 b80 aPhysics aENGLISH aA new course in physics-III SYBSc aPhysics aPhysics aA new course in physics-III SYBSc